Effective project management /

What this book is all about. How to become a world-class project manager. Case study. What is a project? What is project management? Scope the project. Identify project activities. Estimate activity duration, resource requirements, and cost. Construct and analyze the project network diagram...

Αποθηκεύτηκε σε:
Λεπτομέρειες βιβλιογραφικής εγγραφής
Κύριος συγγραφέας: Wysocki, Robert K.
Άλλοι συγγραφείς: Beck, Robert., Crane, David B.
Μορφή: Βιβλίο
Γλώσσα:English
Έκδοση: New York : John Wiley and Sons, 2000.
Έκδοση:2nd ed.
Θέματα:
Ετικέτες: Προσθήκη ετικέτας
Δεν υπάρχουν, Καταχωρήστε ετικέτα πρώτοι!
Thư viện lưu trữ: Mạng thư viện Đại học Đà Nẵng
LEADER 01231cam a2200361 i 4500
001 000048205
003 7911
005 20030331101326.0
008 010321|2000 vm 000 eng
020 |a 0471360287 
040 |a IRC  |c IRC  |d IRC 
041 0 |a eng 
082 1 4 |a 658.404  |b WY-R 
100 1 |a Wysocki, Robert K. 
245 0 0 |a Effective project management /  |c Robert K. Wysocki, Robert Beck, David B. Crane. 
250 |a 2nd ed. 
260 |a New York :  |b John Wiley and Sons,  |c 2000. 
300 |a xvii, 359 p. :  |b ill. ;  |c 23.5cm. 
520 3 |a What this book is all about. How to become a world-class project manager. Case study. What is a project? What is project management? Scope the project. Identify project activities. Estimate activity duration, resource requirements, and cost. Construct and analyze the project network diagram... 
630 0 4 |a Management. 
650 0 4 |a Industrial project management. 
700 1 |a Beck, Robert. 
700 1 |a Crane, David B. 
OWN |a DUT 
999 |a From the UDN01 
TYP |a Monograph 
TYP |a Printed language 
980 |a Mạng thư viện Đại học Đà Nẵng